Instrumentos de diagnóstico: para motores a gasolina y diesel

Gespeichert in:
Bibliographische Detailangaben
1. Verfasser: Sarmiento Martínez, Pedro (VerfasserIn)
Format: Buch
Sprache:Spanisch
Veröffentlicht: Viña del Mar CETA 1975
Schlagworte:
Tags: Tag hinzufügen
Keine Tags, Fügen Sie den ersten Tag hinzu!

MARC

LEADER 00000nam a2200000 a 4500
001 UCP6332
003 CL-VaPUC
008 991021e19750000CL |||||||||||||||||spa|d
082 0 4 |a 621.816  |b SAR  |2 21 
100 0 |a Sarmiento Martínez, Pedro  |e author  |9 435397 
245 1 0 |a Instrumentos de diagnóstico: para motores a gasolina y diesel 
300 |a 123 p 
942 |c BK 
945 |d 19991021 00:00:00  |a rbrito 
260 |a Viña del Mar  |b CETA  |c 1975 
650 7 |a MOTORES A GASOLINA  |2 CL-VaPUC  |9 435398 
650 0 |a Motores Diésel  |9 271572 
650 0 |a Instrumentación  |9 435399 
650 7 |a MOTORES DE COMBUSTION  |2 CL-VaPUC  |9 435400 
583 |a last modification  |c 19991021 00:00:00  |k Rodrigo Vera 
999 |c 283922  |d 283920